Non-Christian Colleges of the USA - Statistics

General Stats
  • This quiz has been taken 233 times
  • The average score is 2 of 12
Answer Stats
Location Affiliation Answer % Correct
Provo, Utah Mormon Brigham Young University
96%
New York City, New York Jewish Yeshiva University
95%
Boulder, Colorado Buddhist Naropa University
9%
Ukiah, California Buddhist Dharma Realm Buddhist University
8%
Newton Centre, Massachusetts Jewish Hebrew College
8%
New York City, New York Jewish Touro University
8%
Los Angeles, California Jewish American Jewish University
3%
Salt Lake City, Utah Mormon Ensign College
3%
Aliso Viejo, California Buddhist Soka University of America
3%
Chicago, Illinois Islamic American Islamic College
2%
Melrose Park, Pennsylvania Jewish Gratz College
2%
Rosemead, California Buddhist University of the West
2%
No matching quizzes found
Score Distribution
Percent of People with Each Score
Percentile by Number Answered
Your Score History
You have not taken this quiz